Statistiken für Größte deutsche Städte nach Bundesland

Klicken Sie hier um das Quiz zu spielen!

Allgemein

  • Dieses Quiz wurde 15.843 mal gespielt
  • Das Durchschnittsergebnis liegt bei 31 aus 43

Antwortstatistiken

BundeslandBevölkerungStadt% Korrekt
Bayern1'471'508München
99%
Baden-Württemberg634'830Stuttgart
97%
Nordrhein-Westfalen1'085'664Köln
97%
Berlin3'644'826Berlin
96%
Hessen753'056Frankfurt
95%
Hamburg1'841'179Hamburg
95%
Bremen569'352Bremen
94%
Sachsen554'649Dresden
94%
Nordrhein-Westfalen619'294Düsseldorf
94%
Niedersachsen538'068Hannover
92%
Schleswig-Holstein247'548Kiel
92%
Saarland180'741Saarbrücken
92%
Sachsen587'857Leipzig
91%
Bayern518'365Nürnberg
91%
Nordrhein-Westfalen587'010Dortmund
89%
Rheinland-Pfalz217'118Mainz
87%
Brandenburg178'089Potsdam
84%
Thüringen213'699Erfurt
83%
Sachsen-Anhalt238'697Magdeburg
80%
Mecklenburg-Vorpommern95'818Schwerin
80%
Mecklenburg-Vorpommern208'886Rostock
80%
Hessen278'342Wiesbaden
79%
Bayern295'135Augsburg
77%
Bremen113'634Bremerhaven
76%
Baden-Württemberg309'370Mannheim
71%
Baden-Württemberg313'092Karlsruhe
68%
Sachsen247'237Chemnitz
67%
Schleswig-Holstein89'504Flensburg
65%
Schleswig-Holstein217'198Lübeck
63%
Thüringen111'407Jena
63%
Niedersachsen248'292Braunschweig
61%
Hessen201'585Kassel
61%
Sachsen-Anhalt239'257Halle (Saale)
58%
Rheinland-Pfalz114'024Koblenz
49%
Brandenburg100'219Cottbus
47%
Brandenburg72'124Brandenburg
46%
Niedersachsen168'210Oldenburg
45%
Thüringen94'152Gera
43%
Rheinland-Pfalz171'061Ludwigshafen
36%
Saarland41'811Homburg
25%
Sachsen-Anhalt81'237Dessau-Roßlau
24%
Mecklenburg-Vorpommern64'086Neubrandenburg
24%
Saarland46'469Neunkirchen
21%

Verteilung der Resultate

Perzentil nach korrekt beantworteten Fragen

Anzahl Personen mit jedem Resultat

Ihre Resultats-Entwicklung

Sie haben dieses Quiz noch nicht gespielt